ბათუმის შოთა რუსთაველის სახელმწიფო უნივერსიტეტის ბიბლიოთეკა

Социальная педагогика. №6. 2017 (ბიბ.ჩანაწერი № 56313)

000 -LEADER
fixed length control field 00597nam a2200181Ia 4500
001 - CONTROL NUMBER
control field 23426
003 - CONTROL NUMBER IDENTIFIER
control field GE_BSU
008 - FIXED-LENGTH DATA ELEMENTS--GENERAL INFORMATION
fixed length control field 181216s||||||||xx |||||||||||||| ||und||
040 ## - CATALOGING SOURCE
Transcribing agency GE_BSU
245 ## - TITLE STATEMENT
Title Социальная педагогика. №6. 2017
245 ## - TITLE STATEMENT
Remainder of title Научно-практический журнал для социальных работников и педагогов
245 ## - TITLE STATEMENT
Statement of responsibility, etc. .ред.Курасова Т.И.
260 ## - PUBLICATION, DISTRIBUTION, ETC.
Place of publication, distribution, etc. москва
260 ## - PUBLICATION, DISTRIBUTION, ETC.
Date of publication, distribution, etc. 2017г.
300 ## - PHYSICAL DESCRIPTION
Extent 95гв;28см;
653 ## - INDEX TERM--UNCONTROLLED
Uncontrolled term Социальная педагогика №6. 2017
942 ## - ADDED ENTRY ELEMENTS (KOHA)
Koha item type პერიოდიკა
ეგზემპლარები
Withdrawn status Lost status Damaged status Not for loan Date acquired Barcode Date last seen Price effective from Koha item type
        2018-12-17 p79641 2018-12-17 2018-12-17 პერიოდიკა